00750nam a22002177a 450000500170000000800410001702000180005804000120007604100080008804400070009610000270010324500830013026000970021330000360031050400510034665000260039765000290042365000220045265000290047465000290050320200104041631.0141217b2012 ck Il. |r|||| 00| 0 spa d a9789585728011 cCO-BoIH aspa ack1 aRomero, Juan Guillermo1 aDel Dicho al Hecho :bhistorias de cultura ambiental cJuan Guillermo, Romero aMedellín :bCorporación Autónoma Regional del Centro de Antioquia-CORANTIOQUIA,c2012. a168 pagbIl., fot (col)c21 cm. aIncluye referencias bibliográficas (pag 167) aEducación ambiental aEtica del medio ambiente aCultura ambiental aProyectos Pedagógicos  aNiños y medio ambiente